D. Ioan de Solorzano Pereyra (...) obras posthumas (Registro nro. 75114)
[ vista simple ]
| 000 -ENCABEZADO | |
|---|---|
| Número de control [NR] | 01602nam a2200289Ia 4500 |
| 008 - DE LONGITUD FIJA DE DATOS DE ELEMENTOS - INFORMACIÓN GENERAL | |
| Elementos de longitud fija [NR] | 130821s1706 sp a gr spa |
| 040 ## - FUENTE DE CATALOGACION [NR] | |
| Agencia de catalogación original [NR] | Co-BoUCM |
| Idioma de catalogación [NR] | spa |
| 041 0# - CODIGO DE IDIOMA [R] | |
| Código de idioma para texto/pista de sonido o título separado [R] | Latín |
| 092 ## - SIGNATURA TOPOGRAFICA LOCAL | |
| Número de clasificación local | E12N073 |
| 100 1# - ASIENTO PRINCIPAL--NOMBRE PERSONAL [NR] | |
| Nombre personal [NR] | Solórzano Pereira, Juan de |
| Fechas asociadas con el nombre [NR] | 1575-1655 |
| 245 11 - MENCION DE TITULO [NR] | |
| Título [NR] | D. Ioan de Solorzano Pereyra (...) obras posthumas |
| Parte restante del título [NR] | recopilados de varios tratados, memoriales y papeles, escritos algunos en causas fiscales, y llenos todos de mucha enseñanza y erudicion. |
| 246 13 - FORMA VARIANTE DEL TITULO [R] | |
| Título propiamente dicho/forma breve del título [NR] | [Obras postumas] |
| 260 ## - PUBLICACION, DISTRIBUCION, ETC. (PIE DE IMPRENTA) [R] | |
| Lugar de publicación, distribución, etc. [R] | Zaragoça [Zaragoza] |
| Nombre del editor, distribuidor, etc. [R] | por los herederos de Diego Dormer |
| Fecha de publicación, distribución, etc. [R] | [1706] |
| 300 ## - DESCRIPCION FISICA [R] | |
| Extensión [R] | [16], 712 páginas |
| Otros detalles físicos [NR] | ilustraciones |
| 500 ## - NOTA GENERAL [R] | |
| Nota general [NR] | Detalles físicos: Encuadernación en pergamino en muy mal estado de conservación, pergamino deteriorado y roto en el lomo y en las tapas, primeras hojas rotas, manchadas y dobladas. Conserva la portada rora e impresa en dos colores, conserva part |
| 500 ## - NOTA GENERAL [R] | |
| Nota general [NR] | Fecha de edición tomada de páginas preliminares. |
| 504 ## - NOTA DE BIBLIOGRAFIA, ETC. [R] | |
| Nota de bibliografía, etc. [NR] | |
| 505 0# - NOTA DE CONTENIDO CON FORMATO PREESTABLECIDO [R] | |
| Nota de contenido con formato preestablecido [NR] | Sobre el castigo de los parricidas y personas a las que se impone. ; Diez conclusiones académicas (Salamanca. Agosto de 1609. Aula Magna). ; Discurso jurídico-histórico-político sobre los derechos, honores y preeminencias que corresponden a los |
| 506 ## - NOTA DE RESTRICCIONES DE ACCESO [R] | |
| Condiciones de acceso [NR] | Consulta en sala. |
| 546 ## - NOTA DE IDIOMA [R] | |
| Nota de idioma [NR] | Texto en latín. |
| 650 ## - ASIENTO SECUNDARIO DE MATERIA - TERMINO TEMATICO [R] | |
| Término temático o nombre geográfico como elemento de entrada [NR] | Derecho civil |
| 9 (RLIN) | 12711 |
| 650 ## - ASIENTO SECUNDARIO DE MATERIA - TERMINO TEMATICO [R] | |
| Término temático o nombre geográfico como elemento de entrada [NR] | Derecho civil |
| Subdivisión general [R] | Obras anteriores a 1800 |
| 9 (RLIN) | 12711 |
| 650 ## - ASIENTO SECUNDARIO DE MATERIA - TERMINO TEMATICO [R] | |
| Término temático o nombre geográfico como elemento de entrada [NR] | Derecho penal |
| Subdivisión general [R] | Obras anteriores a 1800 |
| 9 (RLIN) | 12805 |
| 700 1# - ASIENTO SECUNDARIO - NOMBRE PERSONAL [R] | |
| Nombre personal [NR] | Dormer, Diego de |
| Títulos u otras palabras asociadas con el nombre [R] | herederos |
| Término de relación [R] | |
| 942 ## - ELEMENTOS DE ENTRADA AGREGADOS (KOHA) | |
| Tipo de ítem principal el descrito en 300a | Libro |
| Tema principal | Derecho |
| Edición | 1 |
| Sistema de clasificación | DEWEY |
| Clasificación | 345 |
| Total préstamos | Código de barras | Última vez visto | Volúmen / Fascículo | Ejemplar | Price effective from | Tipo de ítem | Perdido | Sistema de clasificación | Dañado | No prestable | Tipo de ítem específico | Suprimido | Ubicación habitual | Ubicación actual | Localización | Fecha de creación | Forma de adquisición | Costo |
|---|---|---|---|---|---|---|---|---|---|---|---|---|---|---|---|---|---|---|
| L001910 | 15/12/2012 | E12N073 | Ej.1 | 03/02/2013 | Libro | DEWEY | Libro archivo | Archivo Histórico | Archivo histórico | 28/02/2013 | Donación | 0.00 |